[Event "Memorial Tringov (open)"]
[Site "masterchessopen.com Plovdiv (Bulgaria)"]
[Date "2010.02.02"]
[Round "4"]
[White "Kolev Atanas (BUL)"]
[Black "Bove Alessandro (ITA)"]
[Result "1-0"]
[WhiteElo "2571"]
[BlackElo "2397"]

1.e4 c5 2.Nf3 Nc6 3.d4 cxd4 4.Nxd4 Nf6 5.Nc3 d6 6.Bg5 e6 7.Qd2 a6 8.O-O-O Bd7
9.f4 h6 10.Bh4 Nxe4 11.Qe1 Nf6 12.Nf5 Qa5 13.Nxd6+ Bxd6 14.Rxd6 Qc7 15.Rd2
O-O-O 16.Qf2 Ne7 17.Bd3 Bc6 18.Rhd1 Nfd5 19.Nxd5 Rxd5 20.c4 Rd7 21.f5 Qa5
22.fxe6 fxe6 23.Bg3 b5 24.Qf4 Kb7 25.Be4 Rxd2 26.Rxd2 Rd8 27.Rd7+ Ka8 28.Rxe7
{#r} 1-0

[Event "It (open) \"]
[Site "masterchessopen.com Gibraltar"]
[Date "2010.02.03"]
[Round "4"]
[White "Kawuma Steven Male (UGA)"]
[Black "Allor Chukwuka (NGR)"]
[Result "1-0"]
[WhiteElo "2203"]
[BlackElo "2141"]

1.e4 c5 2.Nf3 d6 3.d4 cxd4 4.Nxd4 Nf6 5.Nc3 Nc6 6.Bg5 e6 7.Qd2 a6 8.O-O-O Bd7
9.f4 b5 10.Nxc6 Bxc6 11.Qd4 Be7 12.Bd3 O-O 13.Kb1 h6 14.Bh4 Rb8 15.h3 b4
16.Ne2 a5 17.g4 Nd7 18.Bxe7 Qxe7 19.Ng3 Rfd8 20.h4 g6 21.g5 e5 22.Qg1 h5 23.f5
Nc5 24.Qe3 Nxd3 25.cxd3 d5 26.Rhf1 dxe4 27.fxg6 fxg6 28.Rf6 Rd6 29.Qc5 Rbd8
30.Rxg6+ Kh8 31.Rh6+ {#r} 1-0

[Event "Czech League 2009/10 (2nd) (b)"]
[Site "masterchessopen.com Czech Republic"]
[Date "2010.02.14"]
[Round "7"]
[White "Stockova Zuzana"]
[Black "Hrbolka Ladislav Jr (CZE)"]
[Result "1-0"]
[WhiteElo "2401"]
[BlackElo "2180"]

1.e4 c5 2.Nf3 d6 3.d4 cxd4 4.Nxd4 Nf6 5.Nc3 Nc6 6.Bg5 e6 7.Qd2 a6 8.O-O-O Bd7
9.f3 b5 10.Nxc6 Bxc6 11.Kb1 Qc7 12.Bd3 Be7 13.Rhe1 O-O 14.Ne2 Rfe8 15.Ng3 Rab8
16.f4 b4 17.Qe2 g6 18.h4 e5 19.fxe5 dxe5 20.Qf3 {#r} 1-0

[Event "It (open)"]
[Site "masterchessopen.com Bronshoj (Denmark)"]
[Date "2010.02.18"]
[Round "6"]
[White "Brinck-Claussen Bjorn (DEN)"]
[Black "Mikkelsen Nikolaj (DEN)"]
[Result "0-1"]
[WhiteElo "2262"]
[BlackElo "2432"]

1.e4 c5 2.Nf3 d6 3.d4 cxd4 4.Nxd4 Nf6 5.Nc3 Nc6 6.Bg5 e6 7.Qd2 a6 8.O-O-O Bd7
9.f4 b5 10.Bxf6 gxf6 11.Nxc6 Bxc6 12.Qe3 Be7 13.Bd3 Qa5 14.Kb1 b4 15.Ne2 Qc5
16.Qh3 a5 17.Qh6 Kd7 18.Rhe1 a4 {#R} 0-1

[Event "It (cat.4) \"]
[Site "masterchessopen.com Amsterdam (Netherlands)"]
[Date "2010.02.20"]
[Round "2"]
[White "Schut Lisa (NED)"]
[Black "Riemersma Liafbern (NED)"]
[Result "1-0"]
[WhiteElo "2288"]
[BlackElo "2413"]

1.e4 c5 2.Nf3 d6 3.d4 cxd4 4.Nxd4 Nf6 5.Nc3 Nc6 6.Bg5 e6 7.Qd2 a6 8.O-O-O Bd7
9.f4 h6 10.Bh4 g5 11.fxg5 Ng4 12.Nxc6 Bxc6 13.Be2 Ne5 14.g3 Ng6 15.Kb1 Be7
16.gxh6 Nxh4 17.gxh4 Bxh4 18.Rhf1 Bg5 19.Qd4 Rh7 20.Bh5 Qe7 21.e5 O-O-O
22.exd6 Qf8 23.Bg6 Qxh6 24.Bxh7 Qxh7 25.Na4 Kb8 26.Nc5 Bd5 27.Qb4 a5 28.Qb6 f5
29.Na6+ Kc8 30.Rxd5 exd5 {#r} 1-0

[Event "Ch Poland (juniors) (under 16)"]
[Site "masterchessopen.com Karpacz (Poland)"]
[Date "2010.03.09"]
[Round "5"]
[White "Krzyzanowski Marcin (POL)"]
[Black "Bednarczyk Damian (POL)"]
[Result "1-0"]
[WhiteElo "2356"]
[BlackElo "2019"]

1.e4 c5 2.Nf3 Nc6 3.d4 cxd4 4.Nxd4 Nf6 5.Nc3 d6 6.Bg5 e6 7.Qd2 a6 8.O-O-O Bd7
9.f3 Be7 10.h4 Rc8 11.g4 h5 12.gxh5 b5 13.Kb1 Ne5 14.Bd3 Nc4 15.Bxc4 Rxc4
16.Nce2 a5 17.h6 gxh6 18.Bxh6 Qc7 19.Rhg1 d5 20.Bg7 Rh5 21.e5 Qxe5 22.Rg5 Rxg5
23.hxg5 Ne4 24.Bxe5 Nxd2+ 25.Rxd2 Bxg5 26.f4 Be7 27.b3 Rc8 28.f5 {#r} 1-0

[Event "Ch Europe"]
[Site "masterchessopen.com Rijeka (Croatia)"]
[Date "2010.03.09"]
[Round "4"]
[White "Baron Tal (ISR)"]
[Black "Jelecevic Ivo (CRO)"]
[Result "1-0"]
[WhiteElo "2455"]
[BlackElo "2233"]

1.e4 c5 2.Nf3 d6 3.d4 cxd4 4.Nxd4 Nf6 5.Nc3 Nc6 6.Bg5 e6 7.Qd2 a6 8.O-O-O Bd7
9.f4 b5 10.Bxf6 gxf6 11.Kb1 Qb6 12.Nxc6 Bxc6 13.f5 b4 14.Ne2 e5 15.Ng3 h5
16.h4 Qc5 17.Qe2 Ke7 18.Nxh5 Bb5 19.Qg4 Rc8 20.Bxb5 Qxc2+ 21.Ka1 axb5 22.Nxf6
Bh6 23.Nd5+ Kf8 24.Nxb4 Qc4 25.a3 Rg8 26.Qf3 Ra8 27.Rxd6 Bf4 28.f6 Rg3 29.Rhd1
Ke8 30.Nc6 {#r} 1-0

[Event "Bundesliga 2009/10 (w)"]
[Site "masterchessopen.com Germany"]
[Date "2010.03.14"]
[Round "9"]
[White "Hodova Lucie (CZE)"]
[Black "Schmidt Jade (GER)"]
[Result "1-0"]
[WhiteElo "2129"]
[BlackElo "2048"]

1.e4 c5 2.Nf3 d6 3.d4 cxd4 4.Nxd4 Nf6 5.Nc3 Nc6 6.Bg5 e6 7.Qd2 a6 8.O-O-O Bd7
9.f3 Rc8 10.Kb1 h6 11.Be3 Be7 12.g4 Nxd4 13.Bxd4 b5 14.Bd3 e5 15.Be3 Be6 16.h4
Nd7 17.g5 h5 18.f4 exf4 19.Bxf4 Ne5 20.Nd5 Rc5 21.Be2 Bxd5 22.exd5 Qd7 23.Rhe1
g6 24.Bxe5 dxe5 25.d6 Bd8 26.Qe3 Bb6 27.b4 {#r} 1-0

[Event "Czech League 2009/10 (2nd) (c)"]
[Site "masterchessopen.com Czech Republic"]
[Date "2010.03.28"]
[Round "10"]
[White "Kuba Jindrich (CZE)"]
[Black "Polak Benedikt (CZE)"]
[Result "0-1"]
[WhiteElo "2209"]
[BlackElo "2138"]

1.e4 c5 2.Nf3 d6 3.d4 cxd4 4.Nxd4 Nf6 5.Nc3 Nc6 6.Bg5 e6 7.Qd2 a6 8.O-O-O Bd7
9.f4 b5 10.a3 Qb6 11.Nb3 Rd8 12.Be2 Be7 13.g4 O-O 14.f5 b4 15.axb4 Qxb4
16.Bxa6 Na5 17.Nxa5 Qxa5 18.Qe2 Qa1+ 19.Kd2 Qxb2 20.Be3 Qb4 21.Qc4 d5 22.exd5
Nxd5 23.Bd4 Nxc3 24.Qxc3 Bc8 25.Bc4 Rxd4+ {#R} 0-1

[Event "Memorial G.Agzamov (open)"]
[Site "masterchessopen.com Tashkent (Uzbekistan)"]
[Date "2010.03.30"]
[Round "8"]
[White "Dzhumaev Marat (UZB)"]
[Black "Pak Evgeniy (KAZ)"]
[Result "1-0"]
[WhiteElo "2487"]
[BlackElo "2324"]

1.e4 c5 2.Nf3 Nc6 3.Nc3 d6 4.d4 cxd4 5.Nxd4 Nf6 6.Bg5 e6 7.Qd2 a6 8.O-O-O Bd7
9.f4 h6 10.Bxf6 Qxf6 11.Nf3 Qd8 12.g4 b5 13.Kb1 b4 14.Ne2 a5 15.f5 a4 16.Nf4
a3 17.b3 Qf6 18.e5 Nxe5 19.Nh5 Qd8 20.Nxe5 dxe5 21.fxe6 fxe6 22.Qd3 Qc8
23.Qg6+ Ke7 24.Bc4 Be8 25.Qe4 Ra5 26.Rhf1 Bc6 27.Qe1 Ke8 28.Qf2 Qc7 29.Nf6+
Ke7 30.Ng8+ {#r} 1-0

[Event "Ch Croatia (juniors) (team) (under 20)"]
[Site "masterchessopen.com Sv. Filip i Jakov (Croatia)"]
[Date "2010.04.08"]
[Round "6"]
[White "Rubil Marko (CRO)"]
[Black "Saric Ivan (CRO)"]
[Result "0-1"]
[WhiteElo "2188"]
[BlackElo "2567"]

1.e4 c5 2.Nf3 Nc6 3.d4 cxd4 4.Nxd4 Nf6 5.Nc3 d6 6.Bg5 e6 7.Qd2 a6 8.O-O-O Bd7
9.f4 b5 10.Nxc6 Bxc6 11.e5 dxe5 12.Qxd8+ Rxd8 13.Rxd8+ Kxd8 14.fxe5 h6 15.Bh4
g5 16.exf6 gxh4 17.Be2 b4 18.Rd1+ Kc7 19.Nb1 Bd6 20.Rd4 Rg8 21.Rxh4 Rxg2
22.Bf1 Rg1 23.Nd2 Bb5 24.Re4 Bxf1 25.Re1 Bf4 {#R} 0-1

[Event "Ch Canada (juniors)"]
[Site "masterchessopen.com Toronto (Canada)"]
[Date "2010.05.04"]
[Round "9"]
[White "Thavandiran Shiyam (CAN)"]
[Black "Kleinman Michael (CAN)"]
[Result "1-0"]
[WhiteElo "2362"]
[BlackElo "2146"]

1.e4 c5 2.Nf3 Nc6 3.d4 cxd4 4.Nxd4 Nf6 5.Nc3 d6 6.Bg5 e6 7.Qd2 a6 8.O-O-O Bd7
9.f3 Be7 10.Be3 b5 11.Nxc6 Bxc6 12.Ne2 Rc8 13.Nd4 Bb7 14.g4 Qc7 15.Kb1 Nd7
16.Rg1 d5 17.exd5 Bxd5 18.f4 Nb6 19.Qf2 Na4 20.Bg2 Nxb2 21.Kxb2 Qc3+ 22.Kb1
Bxa2+ 23.Kxa2 Rc4 24.Nb3 Ra4+ 25.Kb1 Bf6 26.Bd4 Bxd4 27.Rxd4 {#r} 1-0

[Event "Ch Czech Republic"]
[Site "masterchessopen.com Ostrava (Czech Republic)"]
[Date "2010.05.06"]
[Round "6"]
[White "Seidl Stepan (CZE)"]
[Black "Firt Stanislav (CZE)"]
[Result "0-1"]
[WhiteElo "2088"]
[BlackElo "2330"]

1.e4 c5 2.Nf3 d6 3.Nc3 Nf6 4.d4 cxd4 5.Nxd4 Nc6 6.Bg5 e6 7.Qd2 a6 8.O-O-O Bd7
9.Be2 b5 10.Bf3 Ne5 11.Bxf6 gxf6 12.Bh5 b4 13.Nce2 Qa5 14.Qf4 Qxa2 15.Qxf6 Rg8
16.b3 Be7 17.Bxf7+ Nxf7 18.Qf3 Bg5+ 19.Nf4 Qa1+ 20.Kd2 Qxd4+ 21.Ke2 Qf6 22.e5
Bb5+ 23.Rd3 Qxe5+ {#R} 0-1

[Event "It (open) \"]
[Site "masterchessopen.com Sarajevo (Bosnia & Herzegovina)"]
[Date "2010.05.12"]
[Round "8"]
[White "Kargin Arseny (RUS)"]
[Black "Brandenburg Daan (NED)"]
[Result "0-1"]
[WhiteElo "2405"]
[BlackElo "2519"]

1.e4 c5 2.Nf3 d6 3.d4 cxd4 4.Nxd4 Nf6 5.Nc3 Nc6 6.Bg5 e6 7.Qd2 a6 8.O-O-O Bd7
9.f4 b5 10.Bxf6 gxf6 11.Kb1 Qb6 12.Nxc6 Bxc6 13.Qe1 Ra7 14.f5 Qc5 15.Bd3 b4
16.Ne2 Bh6 17.fxe6 fxe6 18.Rf1 Ke7 19.Qg3 Raa8 20.e5 dxe5 21.Bxh7 Raf8 22.Qd3
f5 23.Bg6 Bb5 24.Qf3 e4 25.Qg3 Bxe2 {#R} 0-1

[Event "It (cat.3)"]
[Site "masterchessopen.com Asuncion (Paraguay)"]
[Date "2010.05.20"]
[Round "1"]
[White "Brito Luizmar J (BRA)"]
[Black "Larrea Manuel (URU)"]
[Result "1-0"]
[WhiteElo "2332"]
[BlackElo "2323"]

1.e4 c5 2.Nf3 Nc6 3.d4 cxd4 4.Nxd4 Nf6 5.Nc3 d6 6.Bg5 e6 7.Qd2 a6 8.O-O-O Bd7
9.Kb1 b5 10.f3 Be7 11.h4 h6 12.Bxf6 gxf6 13.f4 Qb6 14.Nce2 Rc8 15.f5 Nxd4
16.Nxd4 Bd8 17.fxe6 fxe6 18.Rh3 Bc7 19.Qf4 Ke7 20.Rg3 Rcf8 21.Be2 h5 22.Rg7+
Rf7 23.Qg3 Rh7 24.Rxh7 Rxh7 25.Qg8 Rf7 26.Bxh5 {#r} 1-0

[Event "Ch Germany (team) (w)"]
[Site "masterchessopen.com Braunfels (Germany)"]
[Date "2010.06.03"]
[Round "1"]
[White "Roessler Ulrike (GER)"]
[Black "Wagner-Michel Annett (GER)"]
[Result "0-1"]
[WhiteElo "2154"]
[BlackElo "2149"]

1.e4 c5 2.Nf3 Nc6 3.d4 cxd4 4.Nxd4 Nf6 5.Nc3 d6 6.Bg5 e6 7.Qd2 a6 8.O-O-O Bd7
9.Kb1 b5 10.f3 Qb6 11.Be3 Qb8 12.g4 h6 13.h4 Ne5 14.Bd3 b4 15.Nce2 Nxd3
16.cxd3 g6 17.g5 hxg5 18.Bxg5 Bg7 19.Rc1 Qb6 20.Be3 Qb7 21.Ng3 Nh5 22.Nxh5
Rxh5 23.Ne2 b3 24.a3 Rc8 25.Ng3 Rxc1+ 26.Qxc1 Rh8 27.h5 Qb5 28.Qc4 Qe5 29.Qxb3
Qxg3 30.Rg1 Qxf3 31.Bg5 Bb5 {#R} 0-1

[Event "Memorial J.Capablanca (open)"]
[Site "masterchessopen.com Habana (Cuba)"]
[Date "2010.06.12"]
[Round "3"]
[White "Moncayo Romero Evelyn (ECU)"]
[Black "Ortega Mariano (CUB)"]
[Result "0-1"]
[WhiteElo "2127"]
[BlackElo "2425"]

1.e4 c5 2.Nf3 d6 3.d4 cxd4 4.Nxd4 Nf6 5.Nc3 Nc6 6.Bg5 e6 7.Qd2 a6 8.O-O-O Bd7
9.f3 Be7 10.Kb1 b5 11.Nxc6 Bxc6 12.Bxf6 gxf6 13.Bd3 h5 14.Rhe1 Qb6 15.Bf1 Bb7
16.f4 O-O-O 17.f5 Kb8 18.Qe3 Qxe3 19.Rxe3 b4 20.Ne2 d5 21.fxe6 dxe4 22.Re1 Bc5
23.Rh3 fxe6 24.Nf4 Rd6 25.Rxh5 Rhd8 26.Be2 e5 27.b3 Bd4 28.Ng6 Bc3 29.Rg1 Rd2
30.Bg4 Bc8 {#R} 0-1

[Event "It (open) (b)"]
[Site "masterchessopen.com Voronezh (Russia)"]
[Date "2010.06.12"]
[Round "1"]
[White "Petukhov Dmitry (RUS)"]
[Black "Chernov Vladimir (RUS)"]
[Result "1-0"]
[WhiteElo "2309"]
[BlackElo "1972"]

1.e4 c5 2.Nf3 d6 3.d4 cxd4 4.Nxd4 Nf6 5.Nc3 a6 6.Bg5 e6 7.Qd2 Nc6 8.O-O-O Bd7
9.f4 h6 10.Bh4 Nxe4 11.Qe1 Nf6 12.Nf5 Qc7 13.Bxf6 gxf6 14.Nd5 Qd8 15.Qe3 e5
16.Bd3 Be6 17.Be4 Bxd5 18.Bxd5 Qc7 19.Qb3 Na5 20.Qh3 Rc8 21.c3 b5 22.Kb1 Nc4
23.Rhe1 Rg8 24.Bxc4 bxc4 25.Nxd6+ Bxd6 26.Rxd6 Qxd6 27.Qxc8+ Qd8 28.Qxc4 Kf8
29.Qc5+ {#r} 1-0

[Event "It (open)"]
[Site "masterchessopen.com Eforie Nord (Romania)"]
[Date "2010.06.19"]
[Round "2"]
[White "Soltanici Ruslan (MDA)"]
[Black "Malureanu Costin George (ROM)"]
[Result "1-0"]
[WhiteElo "2420"]
[BlackElo "2146"]

1.e4 c5 2.Nf3 Nc6 3.d4 cxd4 4.Nxd4 Nf6 5.Nc3 d6 6.Bg5 e6 7.Qd2 a6 8.O-O-O Bd7
9.f3 Be7 10.h4 h6 11.Be3 h5 12.Bg5 Ne5 13.f4 Neg4 14.Qe1 b5 15.e5 b4 16.exf6
gxf6 17.Ne4 fxg5 18.hxg5 Qc7 19.g6 d5 20.gxf7+ Kxf7 21.Ng5+ Bxg5 22.fxg5 Qf4+
23.Kb1 Qxg5 24.Bd3 a5 25.Rf1+ Nf6 26.Nf3 Qg7 27.Ne5+ Ke8 28.Nxd7 Kxd7 29.Qe5
Ke7 30.Rde1 Qf7 31.Bg6 {#r} 1-0

[Event "It (open)"]
[Site "masterchessopen.com Eforie Nord (Romania)"]
[Date "2010.06.22"]
[Round "6"]
[White "Soltanici Ruslan (MDA)"]
[Black "Nevednichy Vladislav (ROM)"]
[Result "0-1"]
[WhiteElo "2420"]
[BlackElo "2577"]

1.e4 c5 2.Nf3 d6 3.d4 cxd4 4.Nxd4 Nf6 5.Nc3 Nc6 6.Bg5 e6 7.Qd2 a6 8.O-O-O Bd7
9.f3 Be7 10.h4 h6 11.Be3 h5 12.Bg5 Qc7 13.Kb1 Rb8 14.f4 b5 15.Nxc6 Bxc6
16.Bxf6 Bxf6 17.Qxd6 Qb6 18.e5 Rd8 19.Qb4 Be7 20.Rxd8+ Qxd8 21.Qb3 Qd2 22.Ne2
O-O 23.Qc3 Qd1+ 24.Nc1 Be4 25.Bd3 Qxh1 26.Bxe4 Bxh4 {#R} 0-1

[Event "Cup Summer (open)"]
[Site "masterchessopen.com Porto Carras (Greece)"]
[Date "2010.07.17"]
[Round "8"]
[White "Nedev Trajce (MKD)"]
[Black "Urosevic Goran (SRB)"]
[Result "1-0"]
[WhiteElo "2505"]
[BlackElo "2218"]

1.e4 c5 2.Nf3 d6 3.d4 cxd4 4.Nxd4 Nf6 5.Nc3 Nc6 6.Bg5 e6 7.Qd2 a6 8.O-O-O Bd7
9.f3 Be7 10.Kb1 Qc7 11.Be3 Ne5 12.g4 h6 13.h4 b5 14.a3 Rb8 15.Rg1 b4 16.axb4
d5 17.b5 dxe4 18.Bf4 g5 19.Bg3 Nd5 20.Nxd5 exd5 21.fxe4 dxe4 22.Qh2 Bf6 23.Re1
O-O 24.hxg5 hxg5 25.Rh1 Rfe8 26.Qh7+ Kf8 27.Qh6+ Bg7 28.Qxg5 axb5 29.Rh7 {#r}
1-0

[Event "It (open)"]
[Site "masterchessopen.com Biel (Switzerland)"]
[Date "2010.07.23"]
[Round "5"]
[White "Onoprienko Vladimir (RUS)"]
[Black "Kosintseva Nadezhda (RUS)"]
[Result "0-1"]
[WhiteElo "2332"]
[BlackElo "2565"]

1.e4 c5 2.Nc3 d6 3.Nf3 Nc6 4.d4 cxd4 5.Nxd4 Nf6 6.Bg5 e6 7.Qd2 a6 8.O-O-O Bd7
9.f4 b5 10.Bxf6 gxf6 11.Nxc6 Bxc6 12.Bd3 b4 13.Ne2 Qb6 14.Kb1 h5 15.f5 e5
16.Bc4 Rc8 17.Qd3 a5 18.Bd5 Bb5 19.Qf3 Ke7 20.h4 a4 21.Rh3 Rc5 22.Nc1 Qc7
23.Qf2 Bh6 24.Nd3 Bxd3 25.Rdxd3 Rc8 26.c3 Qb6 27.Qe1 bxc3 28.Rxc3 Rxc3 29.Rxc3
Rxc3 30.Qxc3 Qg1+ 31.Kc2 Qc1+ {#R} 0-1

[Event "It (open)"]
[Site "masterchessopen.com Pardubice (Czech Republic)"]
[Date "2010.07.27"]
[Round "5"]
[White "Hirneise Jens (GER)"]
[Black "Manik Mikulas (SVK)"]
[Result "1-0"]
[WhiteElo "2298"]
[BlackElo "2389"]

1.e4 c5 2.Nf3 Nc6 3.d4 cxd4 4.Nxd4 Nf6 5.Nc3 d6 6.Bg5 e6 7.Qd2 a6 8.O-O-O Bd7
9.f4 b5 10.Bxf6 gxf6 11.Kb1 Qb6 12.Nxc6 Bxc6 13.Qe1 O-O-O 14.Qh4 Be7 15.Qh5
Rdf8 16.Bd3 Qc5 17.Qh3 Kb7 18.f5 b4 19.Ne2 e5 20.Nc1 a5 21.Nb3 Qb6 22.Bc4 a4
23.Nd2 h5 24.Rhf1 a3 25.Rf3 axb2 26.Rb3 Kc7 27.Qd3 {#r} 1-0

[Event "Ch Great Britain"]
[Site "masterchessopen.com Canterbury (England)"]
[Date "2010.08.04"]
[Round "9"]
[White "Rudd Jack (ENG)"]
[Black "Bates Richard (ENG)"]
[Result "0-1"]
[WhiteElo "2251"]
[BlackElo "2374"]

1.e4 c5 2.Nf3 d6 3.d4 cxd4 4.Nxd4 Nf6 5.Nc3 a6 6.Bg5 Nc6 7.Qd2 e6 8.O-O-O Bd7
9.Kb1 h6 10.Be3 b5 11.f3 Be7 12.g4 Ne5 13.Qg2 Rc8 14.Nce2 Qc7 15.h4 Nc4 16.Bc1
e5 17.Nb3 Na3+ 18.bxa3 Qxc2+ 19.Ka1 Qxd1 20.g5 Nh5 21.gxh6 gxh6 22.Qg1 Nf4
23.Qa7 f5 {#R} 0-1

[Event "Ch Great Britain"]
[Site "masterchessopen.com Canterbury (England)"]
[Date "2010.08.05"]
[Round "10"]
[White "Jones Victor G L (ENG)"]
[Black "Eames Robert (ENG)"]
[Result "0-1"]
[WhiteElo "2116"]
[BlackElo "2275"]

1.e4 c5 2.Nf3 d6 3.d4 cxd4 4.Nxd4 Nf6 5.Nc3 Nc6 6.Bg5 e6 7.Qd2 a6 8.O-O-O Bd7
9.f4 b5 10.e5 dxe5 11.fxe5 Nxe5 12.Qe1 Qc7 13.Bxf6 gxf6 14.Ne4 Be7 15.Qh4
O-O-O 16.Nxf6 Bc6 17.Kb1 Nd7 18.Nxc6 Bxf6 19.Qe4 Nc5 20.Rxd8+ Rxd8 21.Qf3 Ne4
{#R} 0-1

[Event "It (open)"]
[Site "masterchessopen.com Kuala Lumpur (Malaysia)"]
[Date "2010.09.01"]
[Round "1"]
[White "Hj Azahari Md Aliuddin (BRU)"]
[Black "Aswin Jayaram (IND)"]
[Result "0-1"]
[WhiteElo "2072"]
[BlackElo "2431"]

1.e4 c5 2.Nf3 d6 3.d4 cxd4 4.Nxd4 Nf6 5.Nc3 Nc6 6.Bg5 e6 7.Qd2 a6 8.O-O-O Bd7
9.f4 b5 10.Bxf6 gxf6 11.Kb1 Qb6 12.Nf5 exf5 13.Nd5 Qd8 14.exf5 Bg7 15.Bd3 O-O
16.h4 Qa5 17.Qf2 Nb4 18.Nxb4 Qxb4 19.h5 h6 20.Rh4 Kh7 21.Rg4 Qc5 22.Qg3 Rg8
23.Qf3 Bxf5 24.Bxf5+ Qxf5 25.Rd5 Rae8 26.a3 Re1+ 27.Ka2 Qxc2 28.f5 Rge8 29.Rd3
a5 30.Rc3 Qb1+ 31.Kb3 R1e2 {#R} 0-1

[Event "Ch World (universities)"]
[Site "masterchessopen.com Zuerich (Switzerland)"]
[Date "2010.09.06"]
[Round "3"]
[White "Burg Twan (NED)"]
[Black "Ma Yu (CHN)"]
[Result "1-0"]
[WhiteElo "2455"]
[BlackElo "2336"]

1.e4 c5 2.Nf3 d6 3.Nc3 Nc6 4.d4 cxd4 5.Nxd4 Nf6 6.Bg5 e6 7.Qd2 a6 8.O-O-O Bd7
9.f3 Be7 10.h4 Qc7 11.g4 O-O-O 12.Be3 h6 13.Qf2 Nxd4 14.Bxd4 Qc6 15.Bb6 Rde8
16.Rd4 d5 17.exd5 exd5 18.Nxd5 Nxd5 19.Rc4 Nxb6 20.Qxb6 Bd8 21.Qf2 Bc7 22.Rxc6
Bxc6 23.Bd3 Bf4+ 24.Kb1 Re3 25.Be4 Bxe4 26.fxe4 Rxe4 27.Re1 Rd8 28.a3 Red4
29.Re7 {#r} 1-0

[Event "Ch Uzbekistan (juniors) (under 20)"]
[Site "masterchessopen.com Tashkent (Uzbekistan)"]
[Date "2010.09.15"]
[Round "11"]
[White "Tillyaev Ulugbek (UZB)"]
[Black "Guseynov Alihan (UZB)"]
[Result "1-0"]
[WhiteElo "2172"]
[BlackElo "2096"]

1.e4 c5 2.Nf3 d6 3.d4 cxd4 4.Nxd4 Nf6 5.Nc3 Nc6 6.Bg5 e6 7.Qd2 a6 8.O-O-O Bd7
9.f4 h6 10.Bh4 g5 11.fxg5 Ng4 12.Nxc6 Bxc6 13.Be2 Ne5 14.g3 Ng6 15.Kb1 Be7
16.gxh6 Nxh4 17.gxh4 Bxh4 18.Rhf1 Bg5 19.Qd4 f6 20.e5 dxe5 21.Bh5+ {#r} 1-0

[Event "Ch India (challengers)"]
[Site "masterchessopen.com Bhiwani (India)"]
[Date "2010.09.26"]
[Round "13"]
[White "Padmini Rout (IND)"]
[Black "Singh S Vikramjit (IND)"]
[Result "1-0"]
[WhiteElo "2326"]
[BlackElo "2245"]

1.e4 c5 2.Nf3 d6 3.d4 cxd4 4.Nxd4 Nf6 5.Nc3 Nc6 6.Bg5 e6 7.Qd2 a6 8.O-O-O Bd7
9.f4 h6 10.Bh4 g5 11.fxg5 Ng4 12.Nf3 hxg5 13.Bg3 Be7 14.Be2 Nge5 15.Kb1 b5
16.a3 Rb8 17.Rhf1 Rb7 18.Nxe5 Nxe5 19.Nd5 exd5 20.Bxe5 dxe5 21.Qxd5 Qb6
22.Qxf7+ Kd8 23.Qg7 Qh6 24.Qxe5 Ke8 25.Qd5 Rc7 26.Bg4 Bd6 27.Bxd7+ Kxd7 28.e5
Qg6 29.exd6 Rxc2 30.Qf7+ {#r} 1-0

[Event "Olympiad"]
[Site "masterchessopen.com Khanty Mansyisk (Russia)"]
[Date "2010.09.30"]
[Round "9"]
[White "Vallejo Pons Francisco (ESP)"]
[Black "Kozul Zdenko (CRO)"]
[Result "1-0"]
[WhiteElo "2697"]
[BlackElo "2604"]

1.e4 c5 2.Nc3 Nc6 3.Nge2 d6 4.d4 cxd4 5.Nxd4 Nf6 6.Bg5 e6 7.Qd2 a6 8.O-O-O Bd7
9.f4 b5 10.Bxf6 gxf6 11.Kb1 Qb6 12.Nce2 Be7 13.f5 Nxd4 14.Nxd4 e5 15.Ne2 Bc6
16.Nc3 Rc8 17.g4 Qc5 18.Qe2 b4 19.Nd5 a5 20.g5 Bxd5 21.Rxd5 Qc7 22.Qf2 Rg8
23.h4 fxg5 24.f6 Bf8 25.Bb5+ Kd8 26.Rhd1 gxh4 27.Rxe5 Qb8 28.Qf5 Kc7 29.Qd7+
Kb6 30.Re8 {#r} 1-0

[Event "It (open)"]
[Site "masterchessopen.com Forchheim (Germany)"]
[Date "2010.10.02"]
[Round "2"]
[White "Klek Hanna Marie (GER)"]
[Black "Hirneise Jens (GER)"]
[Result "0-1"]
[WhiteElo "2169"]
[BlackElo "2298"]

1.e4 c5 2.Nf3 d6 3.d4 cxd4 4.Nxd4 Nf6 5.Nc3 Nc6 6.Bg5 e6 7.Qd2 a6 8.O-O-O Bd7
9.f3 Be7 10.h4 h6 11.Be3 h5 12.Kb1 Qc7 13.g4 hxg4 14.f4 Nxd4 15.Bxd4 e5 16.Be3
Bc6 17.Nd5 Bxd5 18.exd5 e4 19.Be2 Rh5 20.Qb4 Rxd5 21.Rxd5 Nxd5 22.Qxe4 Qc6
{#R} 0-1

[Event "It (open)"]
[Site "masterchessopen.com Goch (Germany)"]
[Date "2010.10.03"]
[Round "7"]
[White "Koch Frank (GER)"]
[Black "Schmerwitz Reinhard (GER)"]
[Result "1-0"]
[WhiteElo "2041"]
[BlackElo "1907"]

1.e4 c5 2.Nf3 d6 3.d4 cxd4 4.Nxd4 Nf6 5.Nc3 Nc6 6.Bg5 e6 7.Qd2 a6 8.O-O-O Bd7
9.f3 Qc7 10.Kb1 Be7 11.h4 h6 12.Be3 Ne5 13.g4 Nc4 14.Bxc4 Qxc4 15.g5 hxg5
16.hxg5 Nh5 17.f4 O-O-O 18.Qf2 g6 19.Rhe1 Kb8 20.f5 exf5 21.Nd5 f4 22.Bxf4
Nxf4 23.Qxf4 Rhe8 24.Nxe7 Rxe7 25.Qxd6+ {#r} 1-0

[Event "Bundesliga B West 2010/11"]
[Site "masterchessopen.com Austria"]
[Date "2010.10.16"]
[Round "2"]
[White "Konnyu Janos (HUN)"]
[Black "Neuschmied Siegfried (AUT)"]
[Result "1-0"]
[WhiteElo "2382"]
[BlackElo "2309"]

1.e4 c5 2.Nf3 d6 3.d4 cxd4 4.Nxd4 Nf6 5.Nc3 Nc6 6.Bg5 e6 7.Qd2 a6 8.O-O-O Bd7
9.Kb1 Qc7 10.f4 Be7 11.Be2 O-O 12.Bf3 Rfd8 13.g4 Rac8 14.Nde2 b5 15.Bxf6 gxf6
16.Ng3 Na5 17.Nf5 Kf8 18.Nxe7 Kxe7 19.g5 fxg5 20.f5 Rg8 21.e5 dxe5 22.Ne4 f6
23.Qb4+ Kf7 24.Rxd7+ Qxd7 25.fxe6+ Qxe6 26.Nd6+ Kg7 27.Nxc8 Nc4 28.Ne7 Rd8
29.Rd1 Rxd1+ 30.Bxd1 Nd6 31.Qxd6 {#r} 1-0

[Event "It (open)"]
[Site "masterchessopen.com Hoogeveen (Netherlands)"]
[Date "2010.10.27"]
[Round "6"]
[White "Ducarmon Quinten (NED)"]
[Black "Slingerland Fred (NED)"]
[Result "1-0"]
[WhiteElo "2243"]
[BlackElo "2411"]

1.e4 c5 2.Nf3 Nc6 3.d4 cxd4 4.Nxd4 Nf6 5.Nc3 d6 6.Bg5 e6 7.Qd2 a6 8.O-O-O Bd7
9.f4 b5 10.Bxf6 gxf6 11.Kb1 Qb6 12.Nxc6 Bxc6 13.Qe1 Be7 14.Bd3 b4 15.Ne2 a5
16.f5 Qc5 17.fxe6 fxe6 18.Nf4 Bd7 19.Qe2 a4 20.Bc4 Qe5 21.Nd3 Qa5 22.Nf4 a3
23.Bxe6 Qe5 24.Bxd7+ Kxd7 25.Qg4+ Kd8 26.Nd3 Qd4 27.Qf5 axb2 28.Nc5 Qc4
29.Qd7# 1-0